| 000 | 00848cam a22001814a 4500 | ||
|---|---|---|---|
| 005 | 20250605164401.0 | ||
| 008 | 250528s ||||||||||||||||||||||||d | ||
| 035 | _a24577 | ||
| 040 |
_aGR-AtMCL _bgre _dGR-AtMCL _eAACR2 |
||
| 245 | 1 | _aSchweerbau / We did not Reinvent the Wheel; We Just Made it Better than Anything Out There. Our CMS Series Rail Milling Trains are Designed for Use on Metro and Underground Railway Networks | |
| 260 |
_bGlobal Railway Review, _c2022 |
||
| 300 | _a48 | ||
| 520 | _aDigital Automatic Coupling: A Game-Changer in Rail Freight, Improving Train Interiors to Enhance Passenger Experience, Why Interoperability is Key to Increasing Competitiveness of Railways, Five Actions to Keep the U.S. Rail Revolution on Track. | ||
| 700 | 1 |
_aWaters Craig _99421 |
|
| 942 | _cCR | ||
| 999 |
_c9448 _d9448 |
||